Văn học Việt Nam hiện đại: bình giảng và phân tích tác phẩm Hà Minh Đức
Đề cập đến phong trào thơ mới 1932 - 1945. Chọn lựa bình giảng, phân tích những tác phẩm tiêu biểu được giảng dạy trong nhà trường và trung học.
Đã lưu trong:
| Tác giả chính: | |
|---|---|
| Định dạng: | Sách |
| Năm xuất bản: |
H.
Nxb Hà Nội
1998
|
| Chủ đề: | |
| Tags: |
Thêm thẻ
Không có thẻ, Hãy là người đầu tiên gắn thẻ bản ghi này!
|
| LEADER | 00788nam a2200169 4500 | ||
|---|---|---|---|
| 082 | |a 895.92209 |b H100M | ||
| 100 | |a Hà Minh Đức | ||
| 245 | |a Văn học Việt Nam hiện đại: bình giảng và phân tích tác phẩm |b Hà Minh Đức | ||
| 260 | |a H. |b Nxb Hà Nội |c 1998 | ||
| 300 | |a 299tr |c 21cm | ||
| 520 | |a Đề cập đến phong trào thơ mới 1932 - 1945. Chọn lựa bình giảng, phân tích những tác phẩm tiêu biểu được giảng dạy trong nhà trường và trung học. | ||
| 653 | |a Văn học hiện đại | ||
| 653 | |a Bình giảng | ||
| 653 | |a Tác phẩm | ||
| 942 | |2 ddc |c SH | ||
| 999 | |c 13213 |d 13213 | ||
| 952 | |0 0 |1 0 |2 ddc |4 0 |6 895_922090000000000_H100M |7 0 |8 800 |9 108826 |a qbu |b qbu |c D5 |d 2016-11-10 |g 22000 |o 895.92209 H100M |p 12002.c1 |r 0000-00-00 |w 2016-11-10 |y SH | ||